ADVANCED DIFFRENTIAL EQUATIONS (Record no. 5344)

MARC details
000 -LEADER
fixed length control field 00408nam a22001697a 4500
005 - DATE AND TIME OF LATEST TRANSACTION
control field 20180518115655.0
008 - FIXED-LENGTH DATA ELEMENTS--GENERAL INFORMATION
fixed length control field 170330b xxu||||| |||| 00| 0 eng d
020 ## - INTERNATIONAL STANDARD BOOK NUMBER
ISBN 978-81-219-0893-1
041 ## - LANGUAGE CODE
Language code of text/sound track or separate title eng
082 ## - DEWEY DECIMAL CLASSIFICATION NUMBER
Classification number 515.35
100 ## - MAIN ENTRY--AUTHOR NAME
Personal name RAISINGHANIA, DR. M .D
245 ## - TITLE STATEMENT
Title ADVANCED DIFFRENTIAL EQUATIONS
260 ## - PUBLICATION, DISTRIBUTION, ETC. (IMPRINT)
Name of publisher S CHAND
Year of publication 1988
300 ## - PHYSICAL DESCRIPTION
Number of Pages A-67
650 ## - SUBJECT ADDED ENTRY--TOPICAL TERM
Topical Term ENGINEERING
942 ## - ADDED ENTRY ELEMENTS (KOHA)
Koha item type Books
Holdings
Lost status Damaged status Home library Current library Shelving location Date acquired Source of acquisition Cost, normal purchase price Full call number Accession Number Koha item type
    JRU Library   SHELF-6-B 29/03/2017 PURCAHSE 735.00 515.35 21513 Books
    JRU Library   Shelf - 11 - J 29/03/2017 PURCAHSE 735.00 515.35 21514 Books